| 000 | 00386nam a22001457a 4500 | ||
|---|---|---|---|
| 020 | _a9789383305483 | ||
| 082 |
_a664. _bSHA/FO |
||
| 100 |
_aSharma,H.K _9983 |
||
| 100 |
_aAshutosh Upadhyaya _9984 |
||
| 100 |
_aManoj Mundada _9985 |
||
| 245 | _aFood Engineering and Technology: A Practice Book | ||
| 260 |
_aNew Delhi _bNew India Publishing Agency _c2015 |
||
| 300 | _a650 | ||
| 942 | _cBK | ||
| 999 |
_c14570 _d14570 |
||